Kể chuyện Ngô Gia Tự

Gorde:
Xehetasun bibliografikoak
Egile nagusia: Lê Quốc Sử
Formatua: Liburua
Hizkuntza:Undetermined
Argitaratua: Hà Nội Kim Đồng 1970
Gaiak:
Etiketak: Etiketa erantsi
Etiketarik gabe, Izan zaitez lehena erregistro honi etiketa jartzen!
Thư viện lưu trữ: Trung tâm Học liệu Trường Đại học Cần Thơ
LEADER 00483nam a2200169Ia 4500
001 CTU_12773
008 210402s9999 xx 000 0 und d
082 |a 809.89 
082 |b S550 
100 |a Lê Quốc Sử 
245 0 |a Kể chuyện Ngô Gia Tự 
245 0 |c Lê Quốc Sử 
260 |a Hà Nội 
260 |b Kim Đồng 
260 |c 1970 
650 |a children's literature, vietnamese 
980 |a Trung tâm Học liệu Trường Đại học Cần Thơ